[Event "Kolomna-ch U14"]
[Site "Kolomna"]
[Date "2010.12.01"]
[Round "1"]
[White "Spiridonov, Evgeny"]
[Black "Doronin, Andrey"]
[Result "1-0"]
[WhiteElo "1896"]
[BlackElo "1661"]
[PlyCount "123"]
[EventDate "2010.12.01"]
[EventType "tourn"]
[EventRounds "11"]
[EventCountry "RUS"]
[SourceTitle "EXT 2022"]
[Source "ChessBase"]
[SourceDate "2021.10.06"]
[SourceVersion "1"]
[SourceVersionDate "2021.10.06"]
[SourceQuality "1"]

1. Nf3 Nf6 2. c4 Nc6 3. g3 g6 4. b3 Bg7 5. Bb2 b6 6. Bg2 Bb7 7. 0-0 0-0 8. d3 e6 9. Nbd2 a5 10. Rc1 Nb4 11. a3 Na6 12. Rc2 Nc5 13. Qa1 d5 14. Rd1 a4 15. b4 Ncd7 16. e3 c5 17. b5 Qe7 18. Ne5 Nxe5 19. Bxe5 Nh5 20. Bxg7 Nxg7 21. Nf3 f6 22. Qa2 Rfd8 23. Re2 Ra5 24. Red2 e5 25. Ne1 Qe6 26. Nc2 Qf7 27. f4 Nf5 28. fxe5 fxe5 29. Rf2 dxc4 30. Bxb7 Qxb7 31. Qxc4+ Qd5 32. Qxd5+ Rxd5 33. e4 Rd7 34. exf5 Rxb5 35. fxg6 hxg6 36. Kg2 e4 37. Rfd2 exd3 38. Rxd3 Rxd3 39. Rxd3 Rb3 40. Rf3 c4 41. Kf2 b5 42. Ke2 Kg7 43. Re3 Kf6 44. Kd2 Rb2 45. Kc1 Rb3 46. Rxb3 axb3 47. Nd4 Ke5 48. Nxb5 Kd5 49. Kb2 Kc5 50. Nc3 Kd4 51. a4 Kc5 52. h4 Kd4 53. g4 Ke5 54. a5 Kd6 55. a6 Kc6 56. h5 gxh5 57. gxh5 Kb6 58. h6 Kxa6 59. h7 Ka5 60. h8Q Kb4 61. Qb8+ Kc5 62. Qc7+ 1-0